nombre d'avion ayant des portes-pays - Statistiques

Statistiques générales
  • Ce quiz a été pris 52 fois
  • Le résultat moyen est 8 sur 10
Statistiques - réponses
Hint Réponse % Correct
1 États-Unis
100%
5 France
98%
2 Chine
94%
6 russie
89%
3 Royaume-Uni
87%
11 japon
79%
9 bresil
77%
4 Inde
77%
8 espagne
70%
7 italie
70%
Aucun quiz correspondant
Distribution des résultats
% des personnes avec chaque résultat
Percentile par nombre de réponses
Votre historique - résultats
Vous n’avez pas pris ce quiz